How accurate are Ordnance Survey maps? (Record no. 60681)

MARC details
000 -LEADER
fixed length control field 00658cam a2200169 4500
001 - CONTROL NUMBER
control field ABS60995
008 - FIXED-LENGTH DATA ELEMENTS--GENERAL INFORMATION
fixed length control field 000000n1999 000 0 eng u
035 ## - SYSTEM CONTROL NUMBER
System control number (Sirsi) u101549
100 ## - MAIN ENTRY--PERSONAL NAME
Personal name Atkinson, N.
245 ## - TITLE STATEMENT
Title How accurate are Ordnance Survey maps?
260 ## - PUBLICATION, DISTRIBUTION, ETC.
Date of publication, distribution, etc. 1999
490 ## - SERIES STATEMENT
Series statement CSM
-- Chartered Surveyor Monthly
Volume/sequential designation 8(11/12) July/August 1999, 50-51(2)
520 ## - SUMMARY, ETC.
Summary, etc. Reviews new data on the accuracy of Ordnance Survey maps. The new figures come from 500 tests during 40 years of testing and could help assist in the resolution of boundary disputes. Examples.
650 ## - SUBJECT ADDED ENTRY--TOPICAL TERM
Topical term or geographic name entry element Boundary disputes
9 (RLIN) 6221
690 ## - LOCAL SUBJECT ADDED ENTRY--TOPICAL TERM (OCLC, RLIN)
Topical term or geographic name as entry element MAPPING AND MEASUREMENT
942 ## - ADDED ENTRY ELEMENTS (KOHA)
Suppress in OPAC 0
Holdings
Withdrawn status Lost status Source of classification or shelving scheme Damaged status Not for loan Home library Current library Shelving location Date acquired Total Checkouts Full call number Barcode Date last seen Copy number Price effective from Koha item type
    Dewey Decimal Classification     London London Journal article 05/11/1999   ABS60995 101549-1001 06/08/2019 1 06/08/2019 Journal article